000 00764cab a2200253 4500
001 WB2717-17
008 090401t1991 xxu||||| |||| 00| 0 eng d
035 _a(Sirsi) u64829
041 _aeng
245 _aWind farms
260 _c1991
350 _a0
490 _aFinancial Times
_v27/4/91 p4
520 _aThe Government has received numerous bids from companies interested in the construction of wind farms to provide an alternative source of electricity supply.
650 _aALTERNATIVE SOURCES
650 _aNATIONAL POWER
650 _aNON FOSSIL FUEL OBLIGATION
650 _aPOWERGEN
650 _aWIND ENERGY GROUP
650 _aWIND POWER
690 _aENVIRONMENTAL AND LAND CONSULTANCY-ENERGY
942 _n0
948 _c04/03/1997
999 _c40388
_d40388